000 00969nam a2200253Ia 4500
003 OSt
005 20221005104753.0
006 a|||||r|||| 00| 0
007 ta
008 221004b |||||||| |||| 00| 0 hin d
024 _a33084
037 _cTextual
040 _aCRL
_cCRL
_bhin
041 _2hin
_ahin
082 _aR6, 152M6
100 _aवर्मा, वेद प्रकाश
245 0 _aसमकालीन विश्लेषणात्मक धर्मदर्शन
246 _aSamakālīn vishleṣhaṇātmak dharmadarshana
260 _aदिल्ली
_bविश्वविद्यालय हिन्दी माध्यम कार्यान्वय निदेशालय भारत
_c1986
300 _a215पृ.
_ccm.
650 _aभारतीय दर्शन
942 _hR6, 152M6
_cTEXL
_2cc
999 _c1013729
_d1013729